[Event "Kuwait Masters Group B"]
[Site "Kuwait"]
[Date "2017.08.07"]
[Round "5.2"]
[White "Alsultan, Abdullah"]
[Black "Hlal, Laith"]
[Result "1-0"]
[WhiteElo "1440"]
[BlackElo "1556"]
[PlyCount "59"]
[EventDate "2017.08.02"]
[EventType "tourn"]
[EventRounds "7"]
[EventCountry "KUW"]
[SourceTitle "EXT 2024"]
[Source "ChessBase"]
[SourceDate "2023.10.10"]
[SourceVersion "1"]
[SourceVersionDate "2023.10.10"]
[SourceQuality "1"]

1. e4 c6 2. Nf3 d5 3. exd5 cxd5 4. d4 Nf6 5. Bf4 Bf5 6. Nc3 a6 7. Bd3 Bxd3 8. Qxd3 e6 9. 0-0 Be7 10. Bg3 0-0 11. h3 Nc6 12. Ne5 Qb6 13. Nxc6 bxc6 14. Rab1 Rad8 15. b4 Nh5 16. Bh2 f5 17. Na4 Qa7 18. Nc5 Bxc5 19. bxc5 Nf6 20. Rb6 a5 21. Rfb1 Qd7 22. f3 g5 23. Rb7 Qe8 24. Be5 Nd7 25. Bd6 Rf7 26. Qa6 e5 27. dxe5 Ra8 28. Qxc6 Nxe5 29. Qxd5 Nd7 30. Rxd7 1-0

[Event "Kuwait Fischer Cup"]
[Site "Kuwait"]
[Date "2016.10.15"]
[Round "4"]
[White "Alsultan, Abdullah"]
[Black "Al Khateeb, Taher"]
[Result "0-1"]
[WhiteElo "1434"]
[BlackElo "2028"]
[PlyCount "58"]
[EventDate "2016.10.13"]
[EventType "swiss"]
[EventRounds "9"]
[EventCountry "KUW"]
[SourceTitle "EXT 2018"]
[Source "ChessBase"]
[SourceDate "2017.10.13"]
[SourceVersion "1"]
[SourceVersionDate "2017.10.13"]
[SourceQuality "1"]

1. e4 c5 2. Nf3 Nc6 3. Bb5 g6 4. Bxc6 dxc6 5. h3 Bg7 6. 0-0 e5 7. Nc3 Qc7 8. d3 Nf6 9. Be3 Nd7 10. a3 0-0 11. Qd2 Re8 12. Rfb1 b6 13. b4 cxb4 14. axb4 Bb7 15. b5 c5 16. Ra2 Nf8 17. Rba1 Qb8 18. Na4 Ne6 19. Nb2 Rd8 20. Qc3 Nd4 21. Bxd4 cxd4 22. Qb3 Bc8 23. Nc4 h6 24. Ra4 Be6 25. Qa2 Rd7 26. Ncd2 Kh7 27. Ra6 Rb7 28. Qa4 Qc7 29. Rxb6 Rxb6 0-1